UBT Library

The Psychodynamics of international relationships / (Record no. 42081)

000 -LEADER
fixed length control field 00752cam a2200241 a 4500
001 - CONTROL NUMBER
control field 1996059
005 - DATE AND TIME OF LATEST TRANSACTION
control field 20180208034504.0
008 - FIXED-LENGTH DATA ELEMENTS--GENERAL INFORMATION
fixed length control field 900321m19901991maua b 001 0 eng
010 ## - LIBRARY OF CONGRESS CONTROL NUMBER
LC control number 90005889
020 ## - INTERNATIONAL STANDARD BOOK NUMBER
International Standard Book Number 0669243663 (v. 1 : alk. paper)
020 ## - INTERNATIONAL STANDARD BOOK NUMBER
International Standard Book Number 066924368X (v. 2 : casebound : alk. paper)
040 ## - CATALOGING SOURCE
Original cataloging agency DLC
Transcribing agency DLC
Modifying agency DLC
041 ## - LANGUAGE CODE
Language code of text/sound track or separate title eng
080 ## - UNIVERSAL DECIMAL CLASSIFICATION NUMBER
Universal Decimal Classification number 327.019
082 00 - DEWEY DECIMAL CLASSIFICATION NUMBER
Classification number 327.019 VOL
Edition number 20
100 ## - Rafti
Rafti 19
101 ## - Shkurtesa
Shkurtesa SHP
245 04 - TITLE STATEMENT
Title The Psychodynamics of international relationships /
Statement of responsibility, etc edited by Vamik D. Volkan, Demetrios A. Julius, Joseph V. Montville.
504 ## - BIBLIOGRAPHY, ETC. NOTE
Bibliography, etc Includes bibliographical references and indexes.
906 ## - LOCAL DATA ELEMENT F, LDF (RLIN)
a 7
b cbc
c orignew
d 1
e ocip
f 19
g y-gencatlg
942 ## - ADDED ENTRY ELEMENTS (KOHA)
Source of classification or shelving scheme
Item type Books
Holdings
Withdrawn status Lost status Source of classification or shelving scheme Damaged status Not for loan Collection code Permanent location Current location Shelving location Date acquired Total Checkouts Full call number Barcode Date last seen Price effective from Koha item type
          Koleksioni i përgjithshem UBT - Lipjan UBT - Lipjan Koleksioni i përgjithshem 02/08/2018   327.019 VOL 002-2998608 02/08/2018 02/08/2018 Books
UBT Library © 2015-2024. All rights reserved University Education for Business and Technology